| 000 | 00356nam a2200157Ia 4500 | ||
|---|---|---|---|
| 001 | 6421 | ||
| 003 | Ost | ||
| 005 | 20260507154932.0 | ||
| 008 | 251113s9999||||xx |||||||||||||| ||eng|| | ||
| 040 | _cnitttr | ||
| 041 | _aeng | ||
| 082 |
_a620.106 _bN131F |
||
| 100 | _aNagaratnam, S. | ||
| 245 | 0 |
_aFluid machines and systems. / _cNagaratnam, S. |
|
| 942 | _cBK | ||
| 999 |
_c6316 _d6316 |
||